Statistiques concernant Culture Générale - Série 859

Cliquez ici pour prendre le quiz!

Statistiques générales

  • Ce quiz a été pris 103 fois
  • Le résultat moyen est 7 sur 10

Statistiques - réponses

QuestionRéponse% Correct
Quel est le prénom de l'écrivain du 19ème siècle : Flaubert ?Gustave
97%
Quel est le symbole chimique du plutonium ?Pu
87%
Quels organes contractiles sont le masséter, le deltoïde et le trapèze ?muscles
80%
D'après le titre du film de John Boorman, comment s'appelle l'épée magique du roi Arthur, dans la légende de la Table Ronde ?Excalibur
79%
Quelle ville chinoise, anciennement portugaise, a été surnommée "Le Las Vegas asiatique" ?Macao
69%
Quel mot désigne la poussière constituée de grains microscopiques, libérés par les étamines des fleurs ?pollen
69%
Dans quel département se situe la commune du Mont-Saint-Michel ?Manche
62%
Quelle était la nationalité d'Adolphe Sax, l'inventeur du saxophone ?Belge
46%
Quelle chanteuse Noire américaine obtient un grand succès en 1985 avec "We Don't Need Another Hero" ?Tina Turner
37%
A quelle humoriste française, avocate de formation, doit-on le personnage de "Madame Touchard" et le sketch de "L'après-diner" ?Sylvie Joly
28%

Distribution des résultats

Percentile par nombre de réponses

% des personnes avec chaque résultat

Votre développement - résultats

Vous n’avez pas pris ce quiz